000 00296nam a2200121Ia 4500
008 241002s9999 xx 000 0 und d
082 _a891.4394 CAP
100 _aCaptain, S.M Idrees
245 0 _aBasang Amad (بسنگ آمد)
260 _aKarachi:
_c1970
600 _aLiterature
942 _cUC
999 _c18439
_d18439